Evaluácia regionálnej dimenzie podpory inovácií vo firmách v Slovenskej republike diplomová práca

Saved in:
Bibliographic Details
Main Author: Hvorečná, Michaela
Corporate Author: Národohospodárska fakulta EU. Katedra verejnej správy a regionálneho rozvoja
Other Authors: Némethová, Valéria, 1987-
Format: Book
Language:Slovak
Published: Bratislava 2021
Tags: Add Tag
No Tags, Be the first to tag this record!

MARC

LEADER 00000nbm a2200000 4500
001 0274315
005 20220121092811.2
041 0 |a slo 
044 |a SK 
245 1 0 |a Evaluácia regionálnej dimenzie podpory inovácií vo firmách v Slovenskej republike  |b diplomová práca  |c Michaela Hvorečná ; školiteľ: Valéria Némethová 
264 1 |a Bratislava  |c 2021 
300 |a 74 s. 
100 1 |a Hvorečná, Michaela 
700 1 |a Némethová, Valéria, 1987- 
710 2 |a Národohospodárska fakulta EU. Katedra verejnej správy a regionálneho rozvoja